000
00330pab a2200133 454500
008
180718b1997 xxu||||| |||| 00| 0 eng d
245
_a
REVIEW of agriculture (a special feature)
260
_c
1997
300
_a
p.A46-96
362
_a
28 Jun
650
_a
Agriculture
773
_a
Economic and Political Weekly
909
_a
35069
999
_c
35069
_d
35069